The real jazz, old and new /

Bibliographic Details
Main Author: Longstreet, Stephen, 1907-2002
Format: Book
Language:English
Published: [Baton Rouge] : Louisiana State University Press, [1956]
Subjects:

MARC

Tag First Indicator Second Indicator Subfields
LEADER 00000cam a2200000 4500
001 in00000028397
005 20151007061425.0
008 720905s1956 laua 00010 eng u
010 |a  56011355  
035 |a (OCoLC)00398443 
035 |9 AAD2041AM 
040 |c OUN  |d TXA  |d UtOrBLW 
049 |a TXAM  |c [281133] 
050 0 |a ML3561.J3  |b L6 
082 0 |a 780.973 
092 |a 780.973  |b L857r 
100 1 |a Longstreet, Stephen,  |d 1907-2002. 
245 1 4 |a The real jazz, old and new /  |c written and illustrated by Stephen Longstreet. 
264 1 |a [Baton Rouge] :  |b Louisiana State University Press,  |c [1956] 
300 |a 202 pages :  |b illustrations ;  |c 28 cm. 
336 |a text  |b txt  |2 rdacontent 
337 |a unmediated  |b n  |2 rdamedia 
338 |a volume  |b nc  |2 rdacarrier 
650 0 |a Jazz. 
999 |a MARS 
999 f f |s f1e0e05c-7122-39cc-a925-0047f4456df3  |i f865b498-4cf5-3828-a147-180ca1505793  |t 0 
952 f f |p ric  |a Texas A&M University  |b Rellis Campus  |c Joint Library Facility  |d Remote Storage  |t 0  |e ML3561.J3 L6  |h Library of Congress classification  |i unmediated -- volume  |m A14801169163 
998 f f |a ML3561.J3 L6  |t 0  |l Remote Storage